Library Banner

قدیم سندھ (Record no. 71023)

MARC details
000 -LEADER
fixed length control field 00497nam a22001577a 4500
005 - DATE AND TIME OF LATEST TRANSACTION
control field 20150512111150.0
008 - FIXED-LENGTH DATA ELEMENTS--GENERAL INFORMATION
fixed length control field 150512b xxu||||| |||| 00| 0 eng d
040 ## - CATALOGING SOURCE
Transcribing agency PK-LaUMT
082 ## - DEWEY DECIMAL CLASSIFICATION NUMBER
Classification number KHC 954.918
Item number BHE-Q
100 ## - MAIN ENTRY--PERSONAL NAME
Personal name بھیرومل مہر چند آڈوانی
245 ## - TITLE STATEMENT
Title قدیم سندھ
Statement of responsibility, etc بھیرومل مہر چند آڈوانی
260 ## - PUBLICATION, DISTRIBUTION, ETC. (IMPRINT)
Place of publication, distribution, etc سندھ
Name of publisher, distributor, etc سندھی ادبی بورڈ
Date of publication, distribution, etc 2007
300 ## - PHYSICAL DESCRIPTION
Extent 360 ص
700 ## - ADDED ENTRY--PERSONAL NAME
Personal name مختیار احمد حاجانو(مترجم
942 ## - ADDED ENTRY ELEMENTS (KOHA)
Koha item type Books
Holdings
Withdrawn status Lost status Damaged status Home library Current library Date acquired Full call number Barcode Date last seen Price effective from Koha item type
      UMT Main Campus UMT Main Campus 2015-05-12 KHC 954.918 BHE-Q 71958 2015-05-12 2015-05-12 Books